Invitacin̤ a la filosofa̕ Un modo de pensar el mundo y la vida /

Bibliographic Details
Main Author: Thiebaut, Carlos
Format: eBook
Language:Spanish
Published: Bogot:̀ Siglo del Hombre Editores, 2008
Subjects:
Online Access:Acceso restringido

MARC

LEADER 00000nam a22000007a 4500
005 20210429202817.0
007 cr|||| ||||
008 210429s2008 co |||||s|||| 00||0 spa d
020 |a 978-958-665-122-6 
035 |a 33173 
040 |a vLex 
090 |c 11550  |d 11550 
100 1 |a Thiebaut, Carlos 
245 1 0 |a  Invitacin̤ a la filosofa̕  |h [Recurso electrn̤ico] :  |b Un modo de pensar el mundo y la vida /  |c Carlos Thiebaut 
256 |a Servicio en ln̕ea 
260 |a Bogot:̀  |b Siglo del Hombre Editores,  |c 2008 
300 |a 1 recurso electrn̤ico 
500 |a Este libro recorre algunas de las ideas que la filosofa̕ de Occidente ha brindado para entendernos, para entender el mundo y para sacar consecuencias. No es un libro de teora̕s filosf̤icas. Es, ms̀ bien, una invitacin̤ a reflexionar sobre algunos elementos de nuestra vida. Esta invitacin̤ parte del supuesto de que por muy especializada, difc̕il y venerable que nos pueda parecer la filosofa̕, naci ̤a pie de calle y all ̕encuentra su sentido l︢timo. Por supuesto, lo que en la calle, en la vida, nos preguntamos las personas no es en absoluto sencillo, ni las respuestas son obvias o simples recetas prefabricadas. 
506 1 |a Disponible solo en los productos indicados  |d vLex Global  |d vLex Global (Academic Edition, excluding Law Schools)  |d vLex Global (U.S. Academic Edition, Law Schools)  |d vLex Global (U.S. Academic Edition, excluding Law Schools)  |d vLex Global (Academic Edition, Law Schools) 
650 0 4 |a Derecho Militar  |z Colombia 
650 0 4 |a Filosofa̕ y religin̤  |z Colombia 
740 0 |a vLex Libros (Servicio en ln̕ea) 
856 4 0 |u https://vlex.com/source/invitacion-a-la-filosofia-un-modo-de-pensar-el-mundo-y-la-vida-33173  |z Acceso restringido 
942 |c BOOK 
999 0 |a Military Law 
999 0 |a Philosophy and religion